LEADER 01482nam a2200325 u 4500 001 000000057187 003 CaOOAMICUS 005 20150115112315.0 008 010503s1967 it u000 u ita u 035 $a10886996 040 $aPUL(R)$bita 100 1 $aBenincasa, Carmine.$0(OLS)http://pul/name/19449 245 10$aChiesa e storia nel card. Suhard e nel Vaticano II /$cCarmine Benincasa. 260 $aRoma :$bEdizioni Paoline,$cc1967. 300 $a548 p.$c19 cm 490 1 $aBiblioteca di cultura religiosa (Edizioni Paoline).$aSeconda serie ;$v41 504 $aBibliografia in nota. 600 14$aSuhard, Emmanuel,$ccard.,$d1874-1949.$0(OLS)http://pul/subject/22855 611 24$aConcilium Vaticanum$n(2 :$d1962-1965).$0(OLS)http://pul/subject/71 650 4$aChiesa.$0(OLS)http://pul/subject/2116 830 0$aBiblioteca di cultura religiosa (Edizioni Paoline).$nSeconda serie ;$v41.$0(OLS)http://pul/title/20209 850 $aPUL 852 $aPUL$W1$xDP2 Religione 1$y63$m62 C 26$j74859$nBK-PRI$qStampati$B74859$CPULBib$Z2$F74859 $82 852 $aPUL$W1$xDP1 Fondo Capitani$y116$m3 B 73$j162980$qFondi$B162772$CPULBib$Z2$F162772 $HCap793 $82 941 1 $a8 941 1 $a1 960 $aConcilio Vaticano II (1962-1965)$971 961 $aINV: 28697 996 $6245$aChiesa e storia nel card. Suhard e nel Vaticano II$9(OLS)http://pul/title/76556 996 $6260$aRoma :$bEdizioni Paoline$9(OLS)http://pul/publisher/47933 LEADER 01668nam a2200385 a 4500 001 000000175924 003 CaOOAMICUS 005 20230612162511.0 008 230612s2005 it 000 u ita r 020 $a978-88-498-1175-6* 032 $aLibriCat 040 $aPUL$bita 082 14$a270.6 100 1 $aPani, Giancarlo.$0(OLS)http://pul/name/9216 245 10$aPaolo, Agostino, Lutero :$balle origini del mondo moderno /$cGiancarlo Pani. 260 $aSoveria Mannelli :$bRubbettino,$cİ2005. 300 $a282 pagine ;$c22 cm. 504 $aBibliografia (pp. 235-270) e indice 600 04$aAugustinus,$cs., vesc. d'Ippona,$d354-430.$0(OLS)http://pul/subject/758 600 14$aLuther, Martin,$d1483-1546.$0(OLS)http://pul/subject/329 600 04$aPaulus,$cs., apostolo.$0(OLS)http://pul/subject/417 650 4$aCuria Romana$xStoria.$0(OLS)http://pul/subject/10982 650 4$aRiforma$xStoria.$0(OLS)http://pul/subject/34454 850 $aPUL 852 $aPUL$W1$xSL Religione 3$y85$m270. 6 PANGI 1$j200089$qDDC 21$B204870$CPULBib$Z2$F204870 $H136308 $82 941 1 $a9 960 $aAgostino,$cs., vesc. d'Ippona,$d354-430$9758 960 $aMartin Lutero,$d1483-1546$9329 960 $aLuter, Martin,$d1483-1546$9329 960 $aLutero, Martino,$d1483-1546$9329 996 $6020$a978-88-498-1175-6*$9(OLS)http://pul/number/169163 996 $6082$a270.6$9(OLS)http://pul/classification/130 996 $6245$aPaolo, Agostino, Lutero :$balle origini del mondo moderno$9(OLS)http://pul/title/217405 996 $6260$aSoveria Mannelli :$bRubbettino$9(OLS)http://pul/publisher/51639